000 00842nmc a2200301 a 4500
003 AR-BaBNM
005 20251128211421.0
008 034020s1980 ||||||||||||||000 | spa||
040 _cAR-BaBNM
100 1 _aAlegría, Ciro
245 1 0 _a7 cuentos quirománticos
_bleyendas, cuentos y narraciones de la selva amazónica
246 1 _aSiete cuentos quirománticos
260 _aBuenos Aires
_bLosada
_c1980
300 0 _a169 p.
490 0 _aBiblioteca clásica y contemporánea
_v468
650 4 _aLITERATURA LATINOAMERICANA
650 4 _aANTOLOGIAS
650 4 _aCUENTOS
653 0 _aLITERATURA PERUANA
653 0 _aINDIGENISMO
653 0 _aNATIVISMO
653 0 _aCOSTUMBRISMO
653 0 _aLITERATURA COMPROMETIDA
655 _aLITERATURA
700 1 _aVarona, Dora
_ecompilador
942 _cBK
998 _cmartin
999 _c19595
_d19595